[Event "DEM U10 2021"]
[Site "Willingen GER"]
[Date "2021.08.24"]
[Round "3"]
[White "Sydykov, Bayastan"]
[Black "Chua, Daniel James"]
[Result "1-0"]
[Termination "normal"]
[Board "10"]
[WhiteElo "1209"]
[BlackElo "1434"]
[WhiteClock "01:19:05"]
[BlackClock "00:55:01"]
[PlyCount "59"]
[WhiteFideId "13829610"]
[BlackFideId "34608354"]
[EventCountry "GER"]
[EventRounds "11"]
[EventType "swiss"]
[EventDate "2021.08.22"]

1. e4 {[%clk 01:15:55]} {[%emt 00:00:03]} e5 {[%clk 01:15:59]} {[%emt
00:00:02]} 2. Nf3 {[%clk 01:16:17]} {[%emt 00:00:08]} Nc6 {[%clk 01:16:23]}
{[%emt 00:00:05]} 3. d4 {[%clk 01:16:41]} {[%emt 00:00:07]} exd4 {[%clk
01:16:48]} {[%emt 00:00:05]} 4. Nxd4 {[%clk 01:17:04]} {[%emt 00:00:07]} Bc5
{[%clk 01:17:08]} {[%emt 00:00:09]} 5. Be3 {[%clk 01:17:26]} {[%emt 00:00:08]}
Qf6 {[%clk 01:17:27]} {[%emt 00:00:11]} 6. c3 {[%clk 01:17:48]} {[%emt
00:00:09]} Nge7 {[%clk 01:17:46]} {[%emt 00:00:10]} 7. Bc4 {[%clk 01:18:07]}
{[%emt 00:00:11]} b6 {[%clk 01:17:37]} {[%emt 00:00:40]} 8. O-O {[%clk
01:18:24]} {[%emt 00:00:13]} Bb7 {[%clk 01:17:57]} {[%emt 00:00:10]} 9. Nxc6
{[%clk 01:18:41]} {[%emt 00:00:13]} Nxc6 {[%clk 01:16:34]} {[%emt 00:01:52]}
10. Bxc5 {[%clk 01:18:57]} {[%emt 00:00:15]} bxc5 {[%clk 01:16:51]} {[%emt
00:00:13]} 11. Bd5 {[%clk 01:19:09]} {[%emt 00:00:18]} O-O-O {[%clk 01:16:20]}
{[%emt 00:01:00]} 12. Na3 {[%clk 01:18:53]} {[%emt 00:00:47]} g5 {[%clk
01:16:16]} {[%emt 00:00:33]} 13. Qa4 {[%clk 01:18:52]} {[%emt 00:00:31]} h5
{[%clk 01:15:53]} {[%emt 00:00:54]} 14. b4 {[%clk 01:18:50]} {[%emt 00:00:31]}
cxb4 {[%clk 01:13:18]} {[%emt 00:03:06]} 15. cxb4 {[%clk 01:18:31]} {[%emt
00:00:48]} h4 {[%clk 01:09:12]} {[%emt 00:04:36]} 16. Bxc6 {[%clk 01:17:36]}
{[%emt 00:01:25]} Bxc6 {[%clk 01:09:10]} {[%emt 00:00:33]} 17. Qa6+ {[%clk
01:17:47]} {[%emt 00:00:18]} Kb8 {[%clk 01:08:25]} {[%emt 00:01:15]} 18. Nb5
{[%clk 01:18:01]} {[%emt 00:00:15]} Qe5 {[%clk 01:05:00]} {[%emt 00:03:25]} 19.
Qxa7+ {[%clk 01:17:49]} {[%emt 00:01:13]} Kc8 {[%clk 01:05:17]} {[%emt
00:00:13]} 20. Nd4 {[%clk 01:18:03]} {[%emt 00:00:13]} Qxe4 {[%clk 01:03:57]}
{[%emt 00:01:54]} 21. Nxc6 {[%clk 01:18:23]} {[%emt 00:00:10]} Qxc6 {[%clk
01:03:47]} {[%emt 00:00:40]} 22. Rac1 {[%clk 01:18:29]} {[%emt 00:00:22]} Qb7
{[%clk 01:03:56]} {[%emt 00:00:20]} 23. Rxc7+ {[%clk 01:18:39]} {[%emt
00:00:24]} Kxc7 {[%clk 01:03:40]} {[%emt 00:00:46]} 24. Rc1+ {[%clk 01:18:58]}
{[%emt 00:00:09]} Kd6 {[%clk 01:03:43]} {[%emt 00:00:28]} 25. Qxb7 {[%clk
01:18:51]} {[%emt 00:00:37]} Rhe8 {[%clk 01:03:04]} {[%emt 00:01:09]} 26. Qb5
{[%clk 01:18:32]} {[%emt 00:00:48]} Ke6 {[%clk 00:58:07]} {[%emt 00:05:27]} 27.
Qxg5 {[%clk 01:18:44]} {[%emt 00:00:19]} d6 {[%clk 00:54:20]} {[%emt 00:04:17]}
28. Re1+ {[%clk 01:18:51]} {[%emt 00:00:23]} Kd7 {[%clk 00:54:42]} {[%emt
00:00:08]} 29. Qb5+ {[%clk 01:19:05]} {[%emt 00:00:15]} Kc7 {[%clk 00:55:01]}
{[%emt 00:00:11]} 30. Rc1# {[%emt 00:00:07]} 1-0

[Event "DEM U10 2021"]
[Site "Willingen GER"]
[Date "2021.08.24"]
[Round "3"]
[White "Vranckx, Oscar"]
[Black "Polzin, Gustav"]
[Result "0-1"]
[Termination "normal"]
[Board "11"]
[WhiteElo "1300"]
[BlackElo "1618"]
[WhiteClock "00:53:51"]
[BlackClock "00:50:46"]
[PlyCount "69"]
[WhiteFideId "34608788"]
[BlackFideId "34603280"]
[EventCountry "GER"]
[EventRounds "11"]
[EventType "swiss"]
[EventDate "2021.08.22"]

1. e4 {[%clk 01:15:59]} c5 {[%clk 01:15:52]} {[%emt 00:00:09]} 2. Nf3 {[%clk
01:16:27]} {[%emt 00:00:02]} e6 {[%clk 01:16:08]} {[%emt 00:00:14]} 3. d3
{[%clk 01:16:49]} {[%emt 00:00:08]} Nc6 {[%clk 01:16:29]} {[%emt 00:00:08]} 4.
g3 {[%clk 01:17:08]} {[%emt 00:00:12]} g6 {[%clk 01:16:50]} {[%emt 00:00:08]}
5. Bg2 {[%clk 01:17:21]} {[%emt 00:00:16]} Bg7 {[%clk 01:16:52]} {[%emt
00:00:28]} 6. c3 {[%clk 01:17:43]} {[%emt 00:00:09]} Nge7 {[%clk 01:17:10]}
{[%emt 00:00:11]} 7. O-O {[%clk 01:18:04]} {[%emt 00:00:10]} O-O {[%clk
01:17:31]} {[%emt 00:00:08]} 8. Be3 {[%clk 01:18:21]} {[%emt 00:00:14]} d6
{[%clk 01:17:46]} {[%emt 00:00:16]} 9. d4 {[%clk 01:18:17]} {[%emt 00:00:34]}
cxd4 {[%clk 01:18:07]} {[%emt 00:00:08]} 10. cxd4 {[%clk 01:18:39]} {[%emt
00:00:08]} d5 {[%clk 01:18:25]} {[%emt 00:00:12]} 11. e5 {[%clk 01:17:18]}
{[%emt 00:01:52]} b5 {[%clk 01:16:44]} {[%emt 00:02:10]} 12. Nc3 {[%clk
01:17:19]} {[%emt 00:00:29]} Qb6 {[%clk 01:17:01]} {[%emt 00:00:14]} 13. Qb3
{[%clk 01:16:57]} {[%emt 00:00:51]} Rb8 {[%clk 01:13:53]} {[%emt 00:03:38]} 14.
h4 {[%clk 01:16:30]} {[%emt 00:00:57]} a5 {[%clk 01:13:41]} {[%emt 00:00:42]}
15. Qc2 {[%clk 01:15:09]} {[%emt 00:01:51]} Ba6 {[%clk 01:12:30]} {[%emt
00:01:42]} 16. Rfe1 {[%clk 01:14:52]} {[%emt 00:00:46]} Rfc8 {[%clk 01:12:34]}
{[%emt 00:00:26]} 17. Qd2 {[%clk 01:14:34]} {[%emt 00:00:47]} Qa7 {[%clk
01:09:51]} {[%emt 00:03:15]} 18. Nh2 {[%clk 01:11:45]} {[%emt 00:03:16]} a4
{[%clk 01:03:21]} {[%emt 00:07:02]} 19. g4 {[%clk 01:09:57]} {[%emt 00:02:18]}
Na5 {[%clk 01:02:28]} {[%emt 00:01:23]} 20. Nxd5 {[%clk 01:04:42]} {[%emt
00:05:46]} exd5 {[%clk 01:00:17]} {[%emt 00:02:40]} 21. Qxa5 {[%clk 01:03:06]}
{[%emt 00:02:06]} Rc2 {[%clk 01:00:45]} {[%emt 00:00:02]} 22. Rac1 {[%clk
01:02:57]} {[%emt 00:00:39]} Nc6 {[%clk 01:01:05]} {[%emt 00:00:11]} 23. Rxc2
{[%clk 01:01:33]} {[%emt 00:01:54]} Nxa5 {[%clk 01:01:32]} {[%emt 00:00:03]}
24. Rec1 {[%clk 01:01:16]} {[%emt 00:00:47]} Nc4 {[%clk 00:57:21]} {[%emt
00:04:40]} 25. Bxd5 {[%clk 01:01:13]} {[%emt 00:00:33]} Rd8 {[%clk 00:57:39]}
{[%emt 00:00:11]} 26. Bg2 {[%clk 01:01:02]} {[%emt 00:00:40]} Bb7 {[%clk
00:57:22]} {[%emt 00:00:49]} 27. Bg5 {[%clk 01:00:16]} {[%emt 00:01:14]} Rxd4
{[%clk 00:56:58]} {[%emt 00:00:57]} 28. b3 {[%clk 00:59:44]} {[%emt 00:01:01]}
Bxg2 {[%clk 00:56:54]} {[%emt 00:00:34]} 29. bxc4 {[%clk 00:59:26]} {[%emt
00:00:49]} Be4 {[%clk 00:56:35]} {[%emt 00:00:49]} 30. Re2 {[%clk 00:59:02]}
{[%emt 00:00:53]} Bd3 {[%clk 00:56:22]} {[%emt 00:00:44]} 31. Rd2 {[%clk
00:58:37]} {[%emt 00:00:53]} Rd7 {[%clk 00:50:14]} {[%emt 00:06:40]} 32. cxb5
{[%clk 00:56:47]} {[%emt 00:02:19]} h6 {[%clk 00:50:33]} {[%emt 00:00:11]} 33.
Be3 {[%clk 00:55:21]} {[%emt 00:01:56]} Qb7 {[%clk 00:50:44]} {[%emt 00:00:19]}
34. Rc5 {[%clk 00:53:51]} {[%emt 00:02:00]} Bxb5 {[%clk 00:50:46]} {[%emt
00:00:29]} 35. Rc1 {[%emt 00:02:31]} 0-1

[Event "DEM U10 2021"]
[Site "Willingen GER"]
[Date "2021.08.24"]
[Round "3"]
[White "Rohatgi, Kushagra"]
[Black "Heitmann, Erik"]
[Result "1-0"]
[Termination "normal"]
[Board "12"]
[WhiteElo "1473"]
[BlackElo "1262"]
[WhiteClock "00:45:45"]
[BlackClock "01:04:51"]
[PlyCount "105"]
[WhiteFideId "34603212"]
[BlackFideId "34608940"]
[EventCountry "GER"]
[EventRounds "11"]
[EventType "swiss"]
[EventDate "2021.08.22"]

1. e4 {[%clk 01:15:56]} {[%emt 00:00:03]} c5 {[%clk 01:15:52]} {[%emt
00:00:10]} 2. Nf3 {[%clk 01:16:17]} {[%emt 00:00:08]} d6 {[%clk 01:16:15]}
{[%emt 00:00:08]} 3. d4 {[%clk 01:16:36]} {[%emt 00:00:10]} cxd4 {[%clk
01:16:40]} {[%emt 00:00:05]} 4. Nxd4 {[%clk 01:16:55]} {[%emt 00:00:11]} Nf6
{[%clk 01:17:04]} {[%emt 00:00:06]} 5. Nc3 {[%clk 01:17:14]} {[%emt 00:00:11]}
a6 {[%clk 01:17:28]} {[%emt 00:00:07]} 6. Be2 {[%clk 01:17:32]} {[%emt
00:00:11]} e5 {[%clk 01:17:50]} {[%emt 00:00:08]} 7. Nf3 {[%clk 01:17:44]}
{[%emt 00:00:17]} Be7 {[%clk 01:18:11]} {[%emt 00:00:11]} 8. Bg5 {[%clk
01:17:41]} {[%emt 00:00:33]} O-O {[%clk 01:18:32]} {[%emt 00:00:09]} 9. O-O
{[%clk 01:17:49]} {[%emt 00:00:22]} Be6 {[%clk 01:18:53]} {[%emt 00:00:09]} 10.
Bxf6 {[%clk 01:17:09]} {[%emt 00:01:08]} Bxf6 {[%clk 01:19:17]} {[%emt
00:00:08]} 11. Nd5 {[%clk 01:17:07]} {[%emt 00:00:32]} Bxd5 {[%clk 01:19:33]}
{[%emt 00:00:15]} 12. Qxd5 {[%clk 01:17:13]} {[%emt 00:00:23]} Qc7 {[%clk
01:19:37]} {[%emt 00:00:27]} 13. c3 {[%clk 01:17:12]} {[%emt 00:00:31]} Nd7
{[%clk 01:19:46]} {[%emt 00:00:21]} 14. Rad1 {[%clk 01:16:45]} {[%emt
00:00:56]} Be7 {[%clk 01:20:00]} {[%emt 00:00:17]} 15. Rc1 {[%clk 01:14:43]}
{[%emt 00:02:32]} Nf6 {[%clk 01:19:32]} {[%emt 00:00:58]} 16. Qd3 {[%clk
01:14:32]} {[%emt 00:00:40]} Qb6 {[%clk 01:18:05]} {[%emt 00:01:56]} 17. b4
{[%clk 01:14:14]} {[%emt 00:00:50]} Ng4 {[%clk 01:18:04]} {[%emt 00:00:30]} 18.
h3 {[%clk 01:13:35]} {[%emt 00:01:08]} Nh6 {[%clk 01:18:00]} {[%emt 00:00:35]}
19. Rfd1 {[%clk 01:13:24]} {[%emt 00:00:41]} f5 {[%clk 01:18:06]} {[%emt
00:00:25]} 20. Qd5+ {[%clk 01:10:59]} {[%emt 00:02:53]} Kh8 {[%clk 01:18:07]}
{[%emt 00:00:28]} 21. exf5 {[%emt 00:02:48]} Nxf5 {[%clk 01:16:42]} {[%emt
00:01:08]} 22. Qe6 {[%clk 01:08:55]} {[%emt 00:01:05]} Rad8 {[%clk 01:15:35]}
{[%emt 00:01:35]} 23. Bd3 {[%clk 01:08:03]} {[%emt 00:01:23]} Rf6 {[%clk
01:15:38]} {[%emt 00:00:29]} 24. Qb3 {[%clk 01:06:47]} {[%emt 00:01:43]} d5
{[%clk 01:15:18]} {[%emt 00:00:52]} 25. Bxf5 {[%clk 01:06:27]} {[%emt
00:00:50]} Rxf5 {[%clk 01:15:02]} {[%emt 00:00:44]} 26. Rxd5 {[%clk 01:06:01]}
{[%emt 00:00:56]} Rxd5 {[%clk 01:15:21]} {[%emt 00:00:13]} 27. Qxd5 {[%clk
01:06:07]} {[%emt 00:00:24]} Qd6 {[%emt 00:00:56]} 28. Qxb7 {[%clk 01:05:13]}
{[%emt 00:01:18]} Rf8 {[%clk 01:14:34]} {[%emt 00:00:48]} 29. Re1 {[%clk
01:02:16]} {[%emt 00:03:35]} h6 {[%clk 01:12:41]} {[%emt 00:02:22]} 30. Nxe5
{[%clk 01:00:47]} {[%emt 00:01:59]} Qf6 {[%clk 01:10:49]} {[%emt 00:02:23]} 31.
Re2 {[%clk 00:56:12]} {[%emt 00:05:04]} Bd6 {[%clk 01:09:17]} {[%emt 00:02:03]}
32. f4 {[%clk 00:50:29]} {[%emt 00:06:11]} Bxe5 {[%clk 01:09:10]} {[%emt
00:00:38]} 33. Rxe5 {[%clk 00:48:27]} {[%emt 00:02:32]} Qxf4 {[%clk 01:08:34]}
{[%emt 00:01:07]} 34. Qe4 {[%clk 00:46:52]} {[%emt 00:02:03]} Qc1+ {[%clk
01:06:05]} {[%emt 00:03:01]} 35. Qe1 {[%clk 00:46:03]} {[%emt 00:01:19]} Qxe1+
{[%clk 01:05:30]} {[%emt 00:01:05]} 36. Rxe1 {[%clk 00:45:56]} {[%emt
00:00:36]} g5 {[%clk 01:05:21]} {[%emt 00:00:40]} 37. a4 {[%clk 00:46:07]}
{[%emt 00:00:20]} Rc8 {[%clk 01:05:32]} {[%emt 00:00:16]} 38. Rc1 {[%clk
00:46:16]} {[%emt 00:00:23]} Rb8 {[%clk 01:05:34]} {[%emt 00:00:28]} 39. Kf2
{[%clk 00:45:42]} {[%emt 00:01:03]} Kg7 {[%clk 01:05:10]} {[%emt 00:00:54]} 40.
Ke3 {[%clk 00:45:57]} {[%emt 00:00:15]} Kf6 {[%clk 01:05:28]} {[%emt 00:00:13]}
41. Kd4 {[%clk 00:45:42]} {[%emt 00:00:45]} Rc8 {[%clk 01:05:25]} {[%emt
00:00:33]} 42. b5 {[%clk 00:45:43]} {[%emt 00:00:29]} Ke6 {[%clk 01:05:40]}
{[%emt 00:00:16]} 43. b6 {[%clk 00:45:26]} {[%emt 00:00:47]} Kd6 {[%clk
01:05:47]} {[%emt 00:00:20]} 44. a5 {[%clk 00:45:39]} {[%emt 00:00:19]} Rc5
{[%clk 01:05:43]} {[%emt 00:00:32]} 45. Rb1 {[%clk 00:45:12]} {[%emt 00:01:00]}
Rd5+ {[%clk 01:05:00]} {[%emt 00:01:13]} 46. Ke3 {[%clk 00:45:12]} {[%emt
00:00:29]} Re5+ {[%clk 01:05:13]} {[%emt 00:00:17]} 47. Kf3 {[%clk 00:45:20]}
{[%emt 00:00:22]} Rf5+ {[%clk 01:05:30]} {[%emt 00:00:13]} 48. Kg3 {[%clk
00:45:21]} {[%emt 00:00:28]} h5 {[%clk 01:04:58]} {[%emt 00:01:01]} 49. b7
{[%clk 00:45:26]} {[%emt 00:00:28]} h4+ {[%clk 01:05:07]} {[%emt 00:00:21]} 50.
Kh2 {[%clk 00:45:43]} {[%emt 00:00:10]} Rf8 {[%clk 01:04:20]} {[%emt 00:01:18]}
51. b8=Q+ {[%clk 00:45:14]} {[%emt 00:00:20]} Rxb8 {[%clk 01:04:46]} {[%emt
00:00:45]} 52. Rxb8 {[%clk 00:45:33]} {[%emt 00:00:11]} Kc7 {[%clk 01:04:51]}
{[%emt 00:00:24]} 53. Rg8 {[%clk 00:45:45]} {[%emt 00:00:17]} 1-0

[Event "DEM U10 2021"]
[Site "Willingen GER"]
[Date "2021.08.24"]
[Round "3"]
[White "Zimmer, Tim"]
[Black "Junge, Mattheo Gabriel"]
[Result "1-0"]
[Termination "normal"]
[Board "13"]
[WhiteElo "1013"]
[BlackElo "1451"]
[WhiteClock "00:09:19"]
[BlackClock "00:45:01"]
[PlyCount "101"]
[WhiteFideId "34603115"]
[BlackFideId "34605908"]
[EventCountry "GER"]
[EventRounds "11"]
[EventType "swiss"]
[EventDate "2021.08.22"]

1. e4 {[%clk 01:15:56]} {[%emt 00:00:03]} e5 {[%clk 01:15:57]} {[%emt
00:00:04]} 2. Nf3 {[%clk 01:16:04]} {[%emt 00:00:22]} Nc6 {[%clk 01:16:22]}
{[%emt 00:00:06]} 3. Bc4 {[%clk 01:16:08]} {[%emt 00:00:25]} Bc5 {[%clk
01:16:45]} {[%emt 00:00:07]} 4. c3 {[%clk 01:16:08]} {[%emt 00:00:30]} Nf6
{[%clk 01:17:12]} {[%emt 00:00:03]} 5. d4 {[%clk 01:16:01]} {[%emt 00:00:36]}
exd4 {[%clk 01:17:37]} {[%emt 00:00:08]} 6. cxd4 {[%clk 01:16:19]} {[%emt
00:00:10]} Bb4+ {[%clk 01:17:58]} {[%emt 00:00:09]} 7. Bd2 {[%clk 01:16:35]}
{[%emt 00:00:13]} Bxd2+ {[%clk 01:18:00]} {[%emt 00:00:28]} 8. Nbxd2 {[%clk
01:13:07]} {[%emt 00:03:57]} d5 {[%clk 01:18:21]} {[%emt 00:00:11]} 9. exd5
{[%clk 01:13:01]} {[%emt 00:00:36]} Nxd5 {[%clk 01:18:43]} {[%emt 00:00:08]}
10. O-O {[%clk 01:12:48]} {[%emt 00:00:41]} O-O {[%clk 01:19:08]} {[%emt
00:00:07]} 11. Ne5 {[%clk 01:11:05]} {[%emt 00:02:13]} Nxd4 {[%clk 01:18:32]}
{[%emt 00:01:06]} 12. Nb3 {[%clk 01:10:01]} {[%emt 00:01:34]} Nxb3 {[%clk
01:17:18]} {[%emt 00:01:44]} 13. Bxd5 {[%clk 01:06:31]} {[%emt 00:04:00]} Bg4
{[%clk 01:11:13]} {[%emt 00:06:35]} 14. Qxb3 {[%clk 01:02:40]} {[%emt
00:04:21]} Bh5 {[%clk 01:11:10]} {[%emt 00:00:33]} 15. f4 {[%clk 00:55:53]}
{[%emt 00:07:15]} c6 {[%clk 01:08:25]} {[%emt 00:03:17]} 16. Bc4 {[%clk
00:53:58]} {[%emt 00:02:25]} b5 {[%clk 01:08:05]} {[%emt 00:00:50]} 17. Bd3
{[%clk 00:53:30]} {[%emt 00:00:57]} Qb6+ {[%clk 01:07:30]} {[%emt 00:01:05]}
18. Kh1 {[%clk 00:53:01]} {[%emt 00:00:59]} Rae8 {[%clk 01:03:09]} {[%emt
00:04:52]} 19. Nd7 {[%clk 00:52:04]} {[%emt 00:01:26]} Qd4 {[%clk 01:02:19]}
{[%emt 00:01:21]} 20. Nxf8 {[%clk 00:51:47]} {[%emt 00:00:47]} Kxf8 {[%clk
01:01:11]} {[%emt 00:01:38]} 21. Rfe1 {[%clk 00:48:51]} {[%emt 00:03:25]} Rd8
{[%clk 00:58:08]} {[%emt 00:03:34]} 22. Qa3+ {[%clk 00:44:03]} {[%emt
00:05:17]} b4 {[%clk 00:57:00]} {[%emt 00:01:39]} 23. Qa5 {[%clk 00:39:17]}
{[%emt 00:05:16]} Rd5 {[%clk 00:56:26]} {[%emt 00:01:04]} 24. Qc7 {[%clk
00:33:05]} {[%emt 00:06:41]} g6 {[%clk 00:55:02]} {[%emt 00:01:53]} 25. Re7
{[%clk 00:29:44]} {[%emt 00:03:51]} g5 {[%clk 00:50:43]} {[%emt 00:04:50]} 26.
Be2 {[%clk 00:07:24]} {[%emt 00:22:39]} Bg6 {[%clk 00:48:58]} {[%emt 00:02:27]}
27. Rf1 {[%clk 00:07:27]} {[%emt 00:00:24]} Qf6 {[%clk 00:42:14]} {[%emt
00:07:17]} 28. Re5 {[%clk 00:05:50]} {[%emt 00:02:06]} gxf4 {[%clk 00:41:34]}
{[%emt 00:01:10]} 29. Rxd5 {[%clk 00:05:42]} {[%emt 00:00:39]} cxd5 {[%clk
00:41:46]} {[%emt 00:00:17]} 30. Qc5+ {[%clk 00:05:50]} {[%emt 00:00:21]} Kg8
{[%clk 00:41:39]} {[%emt 00:00:36]} 31. Qxb4 {[%clk 00:06:11]} {[%emt
00:00:11]} Be4 {[%clk 00:41:56]} {[%emt 00:00:14]} 32. Qb8+ {[%clk 00:06:18]}
{[%emt 00:00:23]} Kg7 {[%emt 00:00:22]} 33. Qxf4 {[%clk 00:06:34]} {[%emt
00:00:13]} Qxb2 {[%clk 00:42:05]} {[%emt 00:00:29]} 34. Qxf7+ {[%clk 00:06:54]}
{[%emt 00:00:10]} Kh6 {[%clk 00:42:30]} {[%emt 00:00:05]} 35. Qf6+ {[%clk
00:06:21]} {[%emt 00:01:04]} Qxf6 {[%clk 00:42:50]} {[%emt 00:00:10]} 36. Rxf6+
{[%clk 00:06:49]} {[%emt 00:00:02]} Kg5 {[%emt 00:00:39]} 37. Ra6 {[%emt
00:00:09]} Kf4 {[%clk 00:42:23]} {[%emt 00:00:09]} 38. Ra3 {[%clk 00:06:53]}
{[%emt 00:00:24]} d4 {[%clk 00:42:40]} {[%emt 00:00:14]} 39. Kg1 {[%clk
00:07:07]} {[%emt 00:00:15]} h5 {[%clk 00:43:03]} {[%emt 00:00:09]} 40. Kf2
{[%clk 00:07:27]} {[%emt 00:00:10]} h4 {[%clk 00:43:27]} {[%emt 00:00:06]} 41.
g3+ {[%clk 00:07:05]} {[%emt 00:00:51]} hxg3+ {[%clk 00:43:45]} {[%emt
00:00:13]} 42. hxg3+ {[%clk 00:07:28]} {[%emt 00:00:06]} Kf5 {[%clk 00:44:07]}
{[%emt 00:00:09]} 43. Bd3 {[%clk 00:07:46]} {[%emt 00:00:13]} Bxd3 {[%clk
00:44:29]} {[%emt 00:00:07]} 44. Rxd3 {[%clk 00:08:11]} {[%emt 00:00:05]} Ke4
{[%clk 00:44:48]} {[%emt 00:00:11]} 45. Ke2 {[%clk 00:08:33]} {[%emt 00:00:08]}
a5 {[%clk 00:45:11]} {[%emt 00:00:07]} 46. g4 {[%clk 00:08:56]} {[%emt
00:00:07]} Kf4 {[%clk 00:45:34]} {[%emt 00:00:07]} 47. Rxd4+ {[%clk 00:09:19]}
{[%emt 00:00:07]} Kg3 {[%emt 00:00:06]} 48. g5 {[%emt 00:00:06]} Kh2 {[%emt
00:00:06]} 49. g6 {[%emt 00:00:10]} Kh3 {[%emt 00:00:25]} 50. Kf2 {[%emt
00:00:06]} Kh2 {[%clk 00:45:01]} {[%emt 00:00:02]} 51. Rh4 {[%emt 00:01:30]}
1-0